Сборник задач по математике для поступающих во втузы (с решениями): В 2-х книгах; учебное пособие

Bibliographic Details
Other Authors: Егерев В. К. (редактор), Зайцев В. В., Кордемский Б. А., Маслова Т. Н., Орловская И. Ф., Позойский Р. И., Ряховская Г. С., Суходский А. М., Федорова Н. М., Сканави М. И.
Language:Russian
Published: Москва, Высшая школа, 1997-
Edition:7-е изд., перераб. и доп.
Format: Book
KOHA link:https://koha.lib.tpu.ru/cgi-bin/koha/opac-detail.pl?biblionumber=37873

MARC

LEADER 00000nam1a2200000 4500
001 37873
005 20231031004507.0
035 |a (RuTPU)RU\TPU\book\38466 
090 |a 37873 
100 |a 20020201d1997 m y0rusy50 ca 
101 0 |a rus 
102 |a RU 
200 1 |a Сборник задач по математике для поступающих во втузы (с решениями)  |e В 2-х книгах  |e учебное пособие  |f В. К. Егерев, В. В. Зайцев, Б. А. Кордемский и др.  |g Под ред. М. И. Сканави 
205 |a 7-е изд., перераб. и доп. 
210 |a Москва  |c Высшая школа  |d 1997- 
675 |a 51(07)  |v 3 
701 1 |a Егерев  |b В. К. 
701 1 |a Зайцев  |b В. В. 
701 1 |a Кордемский  |b Б. А. 
701 1 |a Маслова  |b Т. Н. 
701 1 |a Орловская  |b И. Ф. 
701 1 |a Позойский  |b Р. И. 
701 1 |a Ряховская  |b Г. С. 
701 1 |a Суходский  |b А. М. 
701 1 |a Федорова  |b Н. М. 
702 1 |a Сканави  |b М. И.  |4 340 
801 1 |a RU  |b 63413507  |c 20020201  |g PSBO 
801 2 |a RU  |b 63413507  |c 20051006  |g PSBO 
942 |c BK